[Event "Masters"]
[Site "Monaco MNC"]
[Date "2000.02.25"]
[Round "7"]
[White "Dunis,A"]
[Black "Flear,C"]
[Result "1-0"]
[WhiteElo "2254"]
[BlackElo "2264"]

1.e4 c5 2.Nf3 Nc6 3.d4 cxd4 4.Nxd4 Qc7 5.Be2 a6 6.c4 Nf6 7.Nc3 e6 8.Nc2 Ne5
9.Bf4 Nf3+ 10.Bxf3 Qxf4 11.O-O h5 12.Qe2 Ng4 13.g3 Qh6 14.e5 Be7 15.Rad1 Qg5
16.h4 Qf5 17.Nd4 Qg6 18.Bg2 O-O 19.f4 Nh6 20.Ne4 Rb8 21.Bf3 Nf5 22.Kh2 b5
23.cxb5 Nxd4 24.Rxd4 Rxb5 25.Bxh5 Qh6 26.Nd6 Bxd6 27.Rxd6 f6 28.Bf3 fxe5
29.fxe5 Rf5 30.Bg2 Rbxe5 31.Qc4 Rc5 32.Qd4 Qg6 33.Be4 Bb7 34.Qxc5 Bxe4 35.Rxf5 Bxf5
36.Rxd7 Qg4 37.Qc3 Be4 38.Qe3 Bd5 39.Rd8+ Kh7 40.Qd3+ g6 41.Rd7+ Kg8 42.Qc2  1-0

[Event "NED-chT"]
[Site "Hengelo NED"]
[Date "2000.02.26"]
[Round "3"]
[White "Werle,J"]
[Black "Riemersma,L"]
[Result "1-0"]
[WhiteElo "2311"]
[BlackElo "2413"]

1.e4 c5 2.Nf3 Nc6 3.d4 cxd4 4.Nxd4 Qc7 5.Nc3 e6 6.f4 a6 7.Nxc6 Qxc6 8.Bd3 b5
9.Qe2 Bb7 10.a3 Nf6 11.O-O d5 12.exd5 Nxd5 13.Nxd5 Qxd5 14.b4 Be7 15.c4 bxc4
16.Bxc4 Qc6 17.b5 Qb6+ 18.Kh1 O-O 19.Be3 Qa5 20.Bd2 Qa4 21.Bb4 Bf6 22.Rad1 Rfc8
23.Rd7 a5 24.Rxf7 Bd5 25.Bxd5 exd5 26.Ra7 Kh8 27.Rxa8 Rxa8 28.Bd6 Qb3 29.Bc7 Bd4
30.Rd1 Ba7 31.Qd3 Qb2 32.Rb1 Re8 33.Be5 Qa2 34.b6 Bb8 35.Qb5 Rf8 36.Bxb8 Rxb8
37.b7 h6 38.h3 d4 39.Rc1 Qg8 40.Rc7 Qe6 41.Qc5 Qe1+ 42.Kh2 Qe4 43.Rc8+ Kh7
44.Rxb8 Qxf4+ 45.Kg1 Qe3+ 46.Kh1  1-0

[Event "NED-chT"]
[Site "Hengelo NED"]
[Date "2000.02.27"]
[Round "4"]
[White "Rogers,I"]
[Black "Riemersma,L"]
[Result "1-0"]
[WhiteElo "2562"]
[BlackElo "2413"]

1.e4 c5 2.Nf3 Nc6 3.d4 cxd4 4.Nxd4 Qc7 5.Nc3 e6 6.Be2 a6 7.O-O Nf6 8.Be3 d6
9.f4 Bd7 10.Kh1 Be7 11.Qe1 O-O 12.Qg3 Nxd4 13.Bxd4 Bc6 14.Bf3 b5 15.a3 a5
16.Rfe1 b4 17.e5 dxe5 18.fxe5 Bxf3 19.Nb5 Nh5 20.Qxf3 Qc4 21.a4 g6 22.g4 Ng7
23.b3 Qd5 24.Qxd5 exd5 25.Nc7 Rad8 26.Bb6 Rd7 27.Bxa5 Rc8 28.Red1 Rcxc7 29.Bxc7 Rxc7
30.Rxd5 Ne6 31.a5 Rxc2 32.a6 Bc5 33.Rd7 Nd4 34.a7 Bxa7 35.Rdxa7 Nxb3 36.Rf1 Rc1
37.Rxf7 Rxf1+ 38.Rxf1 Nc5 39.e6 Nxe6 40.Rb1 g5 41.Rxb4 Kg7 42.Kg2 Nf4+ 43.Kf3 Ng6
44.Ke4 Nh4 45.Rb6 Kf7 46.Ra6 Kg7 47.Ke5 Kf7 48.Rf6+ Kg8 49.Ke6 Kg7 50.Rf7+ Kg6
51.Rf8 Kg7 52.Ra8 Kg6 53.Rg8+ Kh6 54.Kf6 Nf3 55.h3 Nd2 56.Rd8 Nf3 57.Rd6 Nh4
58.Ra6  1-0

[Event "Oz.com qualifier blitz"]
[Site "Internet ICC"]
[Date "2000.03.05"]
[Round "4"]
[White "Fernandez,La"]
[Black "Annakov,B"]
[Result "0-1"]
[WhiteElo "2025"]
[BlackElo "2600"]

1.e4 c5 2.Nf3 Nc6 3.d4 cxd4 4.Nxd4 Qb6 5.Nb3 Nf6 6.Be3 Qc7 7.Nc3 e6 8.a3 d6
9.Be2 a6 10.O-O b5 11.Kh1 Bb7 12.f4 Be7 13.Bf3 O-O 14.Qe1 Rac8 15.Rd1 b4
16.Na4 bxa3 17.bxa3 Nd7 18.Rc1 a5 19.Qf2 Ba6 20.Rfd1 Rb8 21.Nd4 Nxd4 22.Bxd4 Rfc8
23.h3 Bf8 24.Be2 Bxe2 25.Qxe2 Qc6 26.Nc3 e5 27.fxe5 dxe5 28.Bg1 Qxc3 29.Rxd7 Rd8
30.Ra7 Qxa3 31.Rf1 f6 32.Qc4+ Kh8 33.Rxf6 Rb1 34.Kh2 Rxg1 35.Kxg1 Qc5+ 36.Qxc5 Bxc5+
37.Kh2 Bxa7 38.Ra6 Be3 39.Rxa5 h5 40.h4 Bd4 41.g4 hxg4 42.Kg3 Rc8 43.Ra2 Kh7
44.Kxg4 Rf8 45.Kg5 Be3+ 46.Kg4 Rf4+ 47.Kg3 Bf2+ 48.Kg2 Bxh4  0-1

[Event "Oz.com qualifier blitz"]
[Site "Internet ICC"]
[Date "2000.03.05"]
[Round "9"]
[White "Moll,A"]
[Black "Grivas,E"]
[Result "0-1"]
[WhiteElo "2167"]
[BlackElo "2503"]

1.e4 c5 2.Nf3 Nc6 3.d4 cxd4 4.Nxd4 Qb6 5.Nb3 Nf6 6.Nc3 e6 7.Be3 Qc7 8.Bd3 d6
9.O-O a6 10.f4 Be7 11.Qf3 O-O 12.Qg3 b5 13.a3 b4 14.Ne2 bxa3 15.bxa3 Kh8
16.Nbd4 Bb7 17.Qh3 Nxd4 18.Bxd4 e5 19.Be3 Bxe4 20.fxe5 dxe5 21.Bg5 Bxd3 22.Qxd3 e4
23.Qb3 Rab8 24.Bf4 Qc5+ 25.Qe3 Qc4 26.Be5 Ng4 27.Qg3 Nxe5 28.Qxe5 Rbe8 29.Qh5 g6
30.Qe5+ f6  0-1

[Event "FSIMC March"]
[Site "Budapest HUN"]
[Date "2000.03.11"]
[Round "6"]
[White "Kahn,E"]
[Black "Kragelj,I"]
[Result "1-0"]
[WhiteElo "2301"]
[BlackElo "2214"]

1.e4 c5 2.Nf3 Nc6 3.d4 cxd4 4.Nxd4 Qc7 5.Nc3 e6 6.Be3 a6 7.Bd3 Nf6 8.O-O Ne5
9.Be2 Bc5 10.Kh1 d6 11.f4 O-O 12.fxe5 dxe5 13.Ndb5 axb5 14.Bg5 b4 15.Nb5 Qd7
16.Bd3 Ne8 17.Qh5 f6 18.Bd2 b6 19.a4 bxa3 20.Nxa3 Bxa3 21.bxa3 Nd6 22.Bb4 Rd8
23.Rf3 Qf7 24.Qh4 Bb7 25.Raf1 Kh8 26.Rh3 Qg8 27.Rg3 Qf8 28.Rh3 Qg8 29.Qf2 Nxe4
30.Qxb6 Rab8 31.Qe3 Ng5 32.Rg3 e4 33.Bc4 Bd5 34.Bxd5 exd5 35.h4 d4 36.Qf4 Ne6
37.Qxe4 Qf7 38.Qg4 Re8 39.Re1 Nc7 40.Rxe8+ Rxe8 41.Qxd4 Ne6 42.Qc4 f5 43.Bc3 Kg8
44.a4 f4 45.Rh3 Qh5 46.a5 Kh8 47.a6 Qd1+ 48.Kh2 Qd6 49.Rd3 Qe7 50.a7 Ra8
51.Bb4  1-0

[Event "21st Open A"]
[Site "Bled SLO"]
[Date "2000.03.27"]
[Round "3"]
[White "Fercec,N"]
[Black "Kragelj,I"]
[Result "1-0"]
[WhiteElo "2464"]
[BlackElo "2214"]

1.e4 c5 2.Nf3 Nc6 3.d4 cxd4 4.Nxd4 Qc7 5.Nc3 e6 6.Be2 a6 7.O-O Nf6 8.Kh1 Be7
9.f4 d6 10.Be3 O-O 11.Qe1 Nxd4 12.Bxd4 b5 13.a3 Bb7 14.Qg3 Bc6 15.Rad1 Rad8
16.Bf3 Kh8 17.Rd3 a5 18.b4 axb4 19.axb4 Rde8 20.Re1 Rg8 21.Rde3 Qb7 22.Ra1 Ra8
23.Rf1 Rgf8 24.Nd1 Ne8 25.Nf2 e5 26.fxe5 dxe5 27.Qxe5 Bxb4 28.Nd3 Bd6 29.Qh5 f6
30.Bg4 Bd7 31.Rh3 h6 32.Bxd7 Qxd7 33.Be3 Rc8 34.Nf2 Qf7 35.Qf5 Rc7 36.Ng4 Qd7
37.Qf3 Kg8 38.Bxh6 Qe6 39.Bf4 Rxc2 40.Bxd6 Nxd6 41.e5 Ne8 42.Qg3 Rc4 43.Nh6+ Kh7
44.Nf5+ Kg8 45.Qg6  1-0

[Event "Cat XI Spring"]
[Site "Kiev UKR"]
[Date "2000.03.29"]
[Round "8"]
[White "Baklan,V"]
[Black "Gritsak,O"]
[Result "1-0"]
[WhiteElo "2571"]
[BlackElo "2522"]

1.e4 c5 2.Nf3 Nc6 3.d4 cxd4 4.Nxd4 Qb6 5.Nb3 Nf6 6.Nc3 e6 7.Bd3 d6 8.Be3 Qc7
9.f4 a6 10.Qf3 b5 11.O-O Bb7 12.Qh3 Be7 13.a3 Rd8 14.Rae1 b4 15.Na4 Nd7 16.e5 dxe5
17.f5 exf5 18.Qxf5 Bf6 19.Nac5 Nxc5 20.Bxc5 bxa3 21.Bxa3 Ne7 22.Qg4 h5 23.Qa4+ Qc6
24.Qxc6+ Nxc6 25.Nc5 Bc8 26.Be4 Na5 27.Bd3 Rh6 28.b4 Nc6 29.Bc1 Rh8 30.b5 Nb4
31.bxa6 Nxd3 32.a7 Bg4 33.Nxd3 Ra8 34.Nxe5 Be6 35.Ng6 fxg6 36.Rxe6+ Kd7 37.Ra6 Rhc8
38.Rd1+ Ke8 39.Ra2 Rc3 40.Kf2 Bh4+ 41.Ke2 Bd8 42.Be3 Rc6 43.Rd5 Bc7 44.h3 Re6
45.Rd3 g5 46.Kf3 g4+ 47.hxg4 Rf6+ 48.Ke2 hxg4 49.Ra4 Re6 50.Kd1 g3 51.Rb4 Re7
52.Rdb3 Rd7+ 53.Ke2 g6 54.Rb8+ Rd8 55.Rxa8 Rxa8 56.Rb7 Kd8 57.Bh6  1-0

[Event "Chess@iceland rapidplay Group B"]
[Site "Kopavogur ISL"]
[Date "2000.04.01"]
[Round "4"]
[White "Stefansson,H"]
[Black "Arnason,J"]
[Result "1-0"]
[WhiteElo "2566"]
[BlackElo "2528"]

1.e4 c5 2.Nf3 Nc6 3.d4 cxd4 4.Nxd4 Qc7 5.Nc3 a6 6.Nd5 Qd8 7.Be3 Rb8 8.Nb5 axb5
9.Bb6 e6 10.Bxd8 Kxd8 11.Nc3 b4 12.Nb5 Nf6 13.Bd3 h5 14.O-O Bc5 15.Qd2 Ke7
16.c3 b6 17.cxb4 Nxb4 18.a3 Nxd3 19.Qxd3 Ba6 20.b4 Bxb5 21.Qxb5 Bd4 22.Rad1 Bc3
23.Rd3 Rhc8 24.Rfd1 d5 25.exd5 Nxd5 26.Rxd5 exd5 27.Qxd5 g6 28.Qd6+  1-0

[Event "Chalapathi GM"]
[Site "Guntur, AP IND"]
[Date "2000.04.03"]
[Round "1"]
[White "Sandipan,C"]
[Black "Rahman,Zia"]
[Result "1-0"]
[WhiteElo "2424"]
[BlackElo "2465"]

1.e4 c5 2.Nf3 Nc6 3.d4 cxd4 4.Nxd4 Qc7 5.Nc3 e6 6.Be2 a6 7.O-O Nf6 8.a4 Bb4
9.Qd3 O-O 10.Bg5 Be7 11.Nxc6 bxc6 12.f4 d5 13.e5 Ne8 14.Bxe7 Qxe7 15.a5 Qc5+
16.Kh1 Rb8 17.b3 f5 18.Qd2 Qb4 19.Rfd1 Nc7 20.Na4 g5 21.fxg5 Qe4 22.Re1 Qh4
23.Nc5 f4 24.Rf1 Qxg5 25.Nd3 c5 26.Rxf4 Rxf4 27.Qxf4 Qxf4 28.Nxf4 Bd7 29.Kg1 Bb5
30.c4 dxc4 31.bxc4 Be8 32.Nd3 Bc6 33.Nxc5 Rb2 34.Bf3 Bxf3 35.gxf3 Rc2 36.Rd1 Ne8
37.Nxe6 Rxc4 38.f4 Kf7 39.f5 Ke7 40.Rb1  1-0

[Event "FSIMA April"]
[Site "Budapest HUN"]
[Date "2000.04.05"]
[Round "5"]
[White "Sziebert,A"]
[Black "Murzin,L"]
[Result "1/2-1/2"]
[WhiteElo "2334"]
[BlackElo "2231"]

1.e4 c5 2.Nf3 Nc6 3.d4 cxd4 4.Nxd4 Qc7 5.Nc3 e6 6.Be2 Nf6 7.O-O a6 8.Kh1 Bc5
9.Be3 Ne7 10.f4 d6 11.Qd2 O-O 12.f5 e5 13.Nb3 Bxe3 14.Qxe3 b5 15.a3 Bb7 16.Bf3 Rac8
17.Rad1 Rfd8 18.Rfe1 Nd7 19.Rd2 Qb6 20.Qxb6 Nxb6 21.Na5 Nc4 22.Nxc4 Rxc4
23.Red1 Nc8 24.Be2 Rc5 25.Kg1 Kf8 26.Kf2 Ke7 27.Ke3 f6 28.g4 Nb6 29.h4 h6
30.Bf1 Rd7 31.Bd3 Rd8 32.Rg1 Rh8 33.Rdg2 Rcc8 34.g5 hxg5 35.hxg5 Rh3+ 36.Ke2 Rf8
37.b3 Bc6 38.a4 bxa4 39.Nxa4 Nxa4 40.bxa4 Bxa4 41.Ra1 Be8 42.gxf6+ Kxf6 43.Rxa6 Bh5+
44.Kd2 Rd8 45.c4 Be8 46.Rg1 Rh2+ 47.Kc3 Rh3 48.Rb6 g6 49.Rf1 gxf5 50.Rxf5+ Ke6
51.Rf8 Ke7 52.Rg8 Ra8 53.Rb7+ Kf6 54.Rf8+ Ke6 55.Rb3 Ke7 56.Rg8 Kf7 57.Rg1 Bc6
58.Re1 Ke6 59.Re2 Rg3 60.Kb2 Rh8 61.c5 Rg7 62.Bc4+ Kd7 63.Rd3 Rh6 64.Red2 Rgg6
65.cxd6 Rxd6 66.Rxd6+ Rxd6 67.Rxd6+ Kxd6 68.Bd3 Kc5 69.Kc3 Ba4 70.Bb1 Bd1
71.Bc2 Bxc2 72.Kxc2 Kd4 73.Kd2 Kxe4 74.Ke2 Kd4 75.Kd2 e4 76.Ke2 e3  1/2-1/2

[Event "Chalapathi GM"]
[Site "Guntur, AP IND"]
[Date "2000.04.08"]
[Round "6"]
[White "Saravanan,V"]
[Black "Rahman,Zia"]
[Result "1-0"]
[WhiteElo "2412"]
[BlackElo "2465"]

1.e4 c5 2.Nf3 Nc6 3.d4 cxd4 4.Nxd4 Qc7 5.Nc3 e6 6.Be3 a6 7.Bd3 b5 8.Nxc6 Qxc6
9.O-O Bb7 10.a3 Ne7 11.Qe2 Nf5 12.Bf4 Be7 13.Qf3 Nh4 14.Qg3 Ng6 15.Be3 O-O
16.Ne2 e5 17.Nc3 Qe6 18.Be2 f5 19.exf5 Qxf5 20.Rad1 d6 21.Bg4 Qf7 22.Qh3 Kh8
23.Be6 Nf4 24.Bxf4 Qxf4 25.Nd5 Qg5 26.Rd3 Rae8 27.Nc7 Rb8 28.Bd5 Rfc8 29.Bxb7 Rxc7
30.Be4 h6 31.Rg3 Qf4 32.Rg4 Qf7 33.Rg6 d5 34.Bf5 Bf6 35.g4 Qe7 36.Rd1 Rd8
37.g5 Bxg5 38.Rxa6 e4 39.Qh5 Bf4 40.Kh1 Qg5 41.Rxd5 Qxh5 42.Rxd8+  1-0

[Event "FSIMB April"]
[Site "Budapest HUN"]
[Date "2000.04.09"]
[Round "9"]
[White "Van Blitterswijk,S"]
[Black "Dolgener,T"]
[Result "1-0"]
[WhiteElo "2308"]
[BlackElo "2260"]

1.e4 c5 2.Nf3 Nc6 3.d4 cxd4 4.Nxd4 Qb6 5.Nb3 Nf6 6.Nc3 e6 7.Be3 Qc7 8.Bd3 a6
9.f4 d6 10.Qf3 Be7 11.g4 b5 12.g5 Nd7 13.O-O-O Bb7 14.Rhf1 Nb4 15.Kb1 Nxd3
16.cxd3 b4 17.Ne2 a5 18.Qh3 a4 19.Nbd4 Nc5 20.g6 fxg6 21.Nxe6 Nxe6 22.Qxe6 d5
23.Rc1 Qd7 24.Qe5 Ba6 25.Rfd1 Qd6 26.Qxd6 Bxd6 27.e5 Kd7 28.Bc5 Bc7 29.Bxb4 Rab8
30.e6+ Kd8 31.Nd4 Bb5 32.Rc5 Be8 33.Rxd5+ Kc8 34.Bd2 a3 35.b3 Rf8 36.Rc1 Kb7
37.Bb4 Rxf4 38.Rxc7+ Kxc7 39.Bd6+ Kb7 40.Bxf4  1-0

[Event "Women's Open"]
[Site "St Petersburg RUS"]
[Date "2000.04.10"]
[Round "4"]
[White "Kochetkova,J"]
[Black "Mashinskaya,I"]
[Result "1-0"]
[WhiteElo "2197"]
[BlackElo "2381"]

1.e4 c5 2.Nf3 Nc6 3.d4 cxd4 4.Nxd4 Qc7 5.Be3 e6 6.Be2 Nf6 7.Nc3 a6 8.a4 b5
9.O-O Bb7 10.Kh1 Be7 11.f4 Na5 12.Bf3 d6 13.Qe1 Nc4 14.Bc1 Rc8 15.Qg3 g6
16.Rd1 h5 17.b3 h4 18.Qh3 Ne3 19.Rd3 Nf1 20.Bb2 e5 21.fxe5 dxe5 22.Nde2 Rh7
23.Rxf1 Rb8 24.Bg4 Nxe4 25.Nxe4 Bxe4 26.Re3 f5 27.Bf3 Qxc2 28.Bxe5 Rd8 29.Bxe4 fxe4
30.Nd4 Qc5 31.Rxe4 Qd5 32.Qg4 h3 33.Qxg6+ Rf7  1-0

[Event "FSIMA April"]
[Site "Budapest HUN"]
[Date "2000.04.11"]
[Round "11"]
[White "Cooke,E"]
[Black "Murzin,L"]
[Result "1-0"]
[WhiteElo "2266"]
[BlackElo "2231"]

1.e4 c5 2.Nf3 Nc6 3.d4 cxd4 4.Nxd4 Qc7 5.Nc3 e6 6.g3 a6 7.Bg2 Nf6 8.O-O d6
9.a4 Be7 10.h3 O-O 11.g4 h6 12.g5 hxg5 13.Bxg5 Bd7 14.Re1 Rfd8 15.Re3 Rac8
16.Rg3 Nxd4 17.Qxd4 e5 18.Qd2 Be6 19.Bf3 Ne8 20.Kh1 Kf8 21.Rag1 Bxg5 22.Qxg5 Qe7
23.Qh5 Qf6 24.Bg4 g6 25.Qh6+ Qg7 26.Qd2 Nc7 27.Rd3 Bxg4 28.Rxg4 Qf6 29.Kg2 Kg7
30.Ne2 Ne6 31.Rf3 Qe7 32.Ng3 Kh7 33.Nf5 gxf5 34.Rxf5 Ng7 35.Rfg5 Qf6 36.Rxg7+ Qxg7
37.Rxg7+ Kxg7 38.Qg5+ Kf8 39.Qf6 Ke8 40.h4 Rc4 41.Kf3 Rc6 42.h5 d5 43.Qxe5+ Re6
44.Qc7 dxe4+ 45.Ke3 b6 46.b4 Red6 47.b5 axb5 48.axb5 Re6 49.c4 Rd3+ 50.Ke2 Rb3
51.c5 Rb2+ 52.Kf1 bxc5 53.Qxc5 e3 54.fxe3 Rf6+ 55.Kg1 Rff2 56.Qe5+ Kd7 57.h6 Rg2+
58.Kh1 Rgc2 59.Qxb2 Rxb2 60.h7 Rxb5 61.h8=Q Rb6 62.Qf8 Rf6 63.Kg2 Ke6 64.Kg3 Kf5
65.Qc5+ Kg6 66.Kg4 Re6 67.Qd4 Kh7 68.Kf5 Kg8 69.e4 Kf8 70.Qh8+ Ke7 71.Qg7 Rg6
72.Qh8 Re6 73.Qc3 Rg6 74.Qc5+ Ke8 75.Qd5 Ke7 76.Qb7+ Ke8 77.e5 Re6 78.Qc8+ Ke7
79.Qxe6+ fxe6+ 80.Kg6  1-0

[Event "XXXI Open"]
[Site "Mar del Plata ARG"]
[Date "2000.04.16"]
[Round "2"]
[White "Palermo,V"]
[Black "Panno,O"]
[Result "1/2-1/2"]
[WhiteElo "2220"]
[BlackElo "2459"]

1.e4 c5 2.Nf3 Nc6 3.d4 cxd4 4.Nxd4 Qb6 5.Nb3 Nf6 6.Nc3 e6 7.g3 a6 8.Bg2 Qc7
9.O-O Be7 10.f4 d6 11.a4 b6 12.a5 b5 13.Be3 Nd7 14.f5 O-O 15.fxe6 fxe6 16.Rxf8+ Bxf8
17.Nd4 Nde5 18.Nxc6 Qxc6 19.Bd4 Bb7 20.Ne2 Qe8 21.Nf4 Ng6 22.Nxg6 Qxg6 23.Qe2 Rc8
24.b3 Be7 25.Rd1  1/2-1/2

[Event "Doeberl Cup"]
[Site "Canbarra AUS"]
[Date "2000.04.22"]
[Round "3"]
[White "Chapman,M AUS"]
[Black "Rogers,I"]
[Result "0-1"]
[WhiteElo "2320"]
[BlackElo "2562"]

1.e4 c5 2.Nf3 Nc6 3.d4 cxd4 4.Nxd4 Qb6 5.Nb3 e6 6.Bd3 Nf6 7.Nc3 d6 8.Be3 Qc7
9.f4 a6 10.a4 b6 11.O-O Bb7 12.Qf3 Be7 13.Rae1 Nd7 14.f5 Nce5 15.Qg3 Bf6
16.fxe6 fxe6 17.Qh3 Nf8 18.Nd4 Bc8 19.Be2 Qe7 20.Kh1 Nfg6 21.g4 O-O 22.Qh5 Qb7
23.g5 Be7 24.Qh3 Rxf1+ 25.Bxf1 Bd7 26.Qg3 Rc8 27.Bc1 Nc6 28.Nb3 Nb4 29.Qg2 e5
30.Bd3 Be6 31.Na1 Qd7 32.Rd1 Rf8 33.Rf1 Nf4 34.Qg3 Nfxd3 35.Rxf8+ Bxf8 36.cxd3 d5
37.Qf3 d4 38.Nd1 Qxa4  0-1

[Event "Capablanca Mem Premier I"]
[Site "Varadero CUB"]
[Date "2000.05.12"]
[Round "5"]
[White "Herrera,I"]
[Black "Franco Ocampos,Z"]
[Result "1-0"]
[WhiteElo "2472"]
[BlackElo "2511"]

1.e4 c5 2.Nf3 Nc6 3.d4 cxd4 4.Nxd4 Qc7 5.Nc3 e6 6.Ndb5 Qb8 7.Be3 Nf6 8.f4 d6
9.Qf3 Be7 10.Bd3 O-O 11.O-O a6 12.Nd4 Nxd4 13.Bxd4 e5 14.Bb6 exf4 15.Qxf4 Be6
16.Nd5 Bxd5 17.exd5 g6 18.Rae1 Nxd5 19.Qf3 Nxb6 20.Rxe7 d5 21.Qf6 Qd8 22.Rxb7 Qxf6
23.Rxf6 Nc4 24.b3 Kg7 25.Re6 Nb2 26.Bf1 a5 27.Rd6 Rfd8 28.Rdd7 Rxd7 29.Rxd7 Rc8
30.Rxd5 Rxc2 31.Rxa5 Nd1 32.a4 Ne3 33.Re5 Rc3 34.b4 f5 35.Be2 f4 36.Kf2 Kf6
37.Rc5 Rb3 38.b5 g5 39.h3 Rb2 40.a5 Nf5 41.Rxf5+ Kxf5 42.a6  1-0

[Event "Capablanca Mem Premier I"]
[Site "Varadero CUB"]
[Date "2000.05.14"]
[Round "7"]
[White "Fiorito,F"]
[Black "Franco Ocampos,Z"]
[Result "0-1"]
[WhiteElo "2459"]
[BlackElo "2511"]

1.e4 c5 2.Nf3 Nc6 3.d4 cxd4 4.Nxd4 Qc7 5.Nc3 e6 6.Be3 a6 7.Bd3 b5 8.O-O Bb7
9.Qe2 Nf6 10.Kh1 Be7 11.f4 d6 12.a4 b4 13.Na2 Nxd4 14.Bxd4 e5 15.Bg1 a5 16.c3 bxc3
17.Nxc3 O-O 18.Rac1 Qd8 19.fxe5 dxe5 20.Rfd1 Bb4 21.Bf2 h6 22.Bh4 Qb6 23.Rf1 Nd7
24.Bb5 Nc5 25.Rcd1 Bxc3 26.bxc3 Nxe4 27.Qh5 Qe6 28.Rd7 Bd5 29.c4 Bxc4 30.Re7 Bxf1
31.Rxe6 fxe6 32.h3 Bxb5 33.axb5 a4  0-1

[Event "FSFM May"]
[Site "Budapest HUN"]
[Date "2000.05.17"]
[Round "12"]
[White "Antok,D"]
[Black "Erdelyi,Z"]
[Result "0-1"]
[WhiteElo "2143"]
[BlackElo "2146"]

1.e4 c5 2.Nf3 Nc6 3.d4 cxd4 4.Nxd4 Qc7 5.Nb5 Qb8 6.c4 b6 7.Be2 Nf6 8.N1c3 a6
9.Na3 g6 10.O-O Bg7 11.Nc2 O-O 12.Be3 b5 13.Nd5 Nxe4 14.f3 Nd6 15.Nb6 Ra7
16.Nxc8 Rxc8 17.cxb5 axb5 18.Bxa7 Qxa7+ 19.Kh1 Bxb2 20.Rb1 Qxa2 21.Ne3 Bd4
22.Nc2 Qa4 23.Qd2 Be5 24.Nb4 Nxb4 25.Rxb4 Qa5 26.Rd4 Qxd2 27.Rxd2 b4 28.Bd1 Bc3
29.Rd3 Ra8 30.Bb3 Ra7 31.Rfd1 Kg7 32.Kg1 Ra3 33.Bd5 Nc8 34.Rb1 Nb6 35.Bb3 d6
36.Kf2 Na4 37.Bxa4 Rxa4 38.g4 Ra1 39.Rxa1 Bxa1 40.Ke3 Kf6 41.Ke4 Ke6 42.Rd5 Be5
43.Rb5 f5+ 44.gxf5+ gxf5+ 45.Ke3 Bxh2 46.Rxb4 Kf6 47.Rb8 e5 48.Kd3 d5 49.Rh8 Kg6
50.Rd8 d4 51.Rg8+ Kh5 52.Ke2 Kh4 53.Rf8 Kg5 54.Rg8+ Kf4 55.Rh8 d3+ 56.Kxd3 Kxf3
57.Rxh7 e4+ 58.Kc2 Bg3 59.Kd1 e3 60.Re7 f4  0-1

[Event "It"]
[Site "Sisak CRO"]
[Date "2000.05.21"]
[Round "7"]
[White "Videki,S"]
[Black "Takac,Z"]
[Result "1-0"]
[WhiteElo "2439"]
[BlackElo "2200"]

1.e4 c5 2.Nf3 Nc6 3.d4 cxd4 4.Nxd4 Qb6 5.Nb3 e5 6.Nc3 Bb4 7.Bc4 Nf6 8.O-O Bxc3
9.bxc3 O-O 10.Be3 Qc7 11.Bc5 Na5 12.Bd6 Qxc4 13.Nxa5 Qxc3 14.Bxf8 Qxa5 15.Bd6 Nxe4
16.Re1 f5 17.Rxe4 fxe4 18.Qh5 h6 19.Qe8+ Kh7 20.Qe7 Qd2 21.h4 Qf4 22.Bxe5 Qg4
23.Re1 d5 24.Re3 Qg6 25.Rg3 Bg4 26.h5 Qg5 27.Qxg5 hxg5 28.Rxg4 Kh6 29.Rg3 Re8
30.Bd4 Re6 31.Be3 Ra6 32.Rxg5 Rxa2 33.Rxd5+ Kh7 34.Rd7 Rxc2 35.Rxb7 a5 36.h6  1-0

[Event "Bank Pocztowy Open"]
[Site "Bydgoszcz POL"]
[Date "2000.05.28"]
[Round "1"]
[White "Struk,J"]
[Black "Poluljahov,A"]
[Result "0-1"]
[WhiteElo "2268"]
[BlackElo "2526"]

1.e4 c5 2.Nf3 Nc6 3.d4 cxd4 4.Nxd4 Qc7 5.Nc3 e6 6.Be2 a6 7.O-O Nf6 8.Be3 Bb4
9.Na4 Bd6 10.Nb6 Rb8 11.g3 Ne5 12.a4 O-O 13.a5 Nxe4 14.Ra4 Bc5 15.Nb5 axb5
16.Rxe4 Bxe3 17.Rxe3 Nc6 18.Qd2 b4 19.Rd1 d5 20.c3 Nxa5 21.cxb4 Nc6 22.Nxc8 Rfxc8
23.b5 Ne7 24.Rc3 Qd6 25.Bf1 h6 26.h4 Rxc3 27.bxc3 Qc5 28.Qf4 Rc8 29.Rd3 Qxb5
30.Rf3 Qe8 31.Qb4 Rc7 32.Bh3 Nc8 33.Re3 Qe7 34.Qb3 Qc5 35.Bf1 Nd6 36.Bh3 g6
37.Bf1 Ne4 38.Rxe4 dxe4 39.c4 Rd7 40.Qc3 b5 41.Qc1 bxc4  0-1

[Event "Master Open"]
[Site "Lausanne SUI"]
[Date "2000.06.01"]
[Round "2"]
[White "Sokolov,An"]
[Black "Skytte,R"]
[Result "1/2-1/2"]
[WhiteElo "2565"]
[BlackElo "2346"]

1.e4 c5 2.Nf3 Nc6 3.d4 cxd4 4.Nxd4 Qc7 5.Nc3 e6 6.Be2 a6 7.O-O Nf6 8.Kh1 Nxd4
9.Qxd4 Bc5 10.Qd3 b5 11.f4 h5 12.e5 Ng4 13.Bf3 Rb8 14.Bd2 Nh6 15.Ne4 Nf5
16.g3 Bb7 17.a3 h4 18.g4 Nd4 19.Nxc5 Bxf3+ 20.Rxf3 Nxf3 21.Bb4 a5 22.Qxf3 axb4
23.axb4 Qc6 24.Qxc6 dxc6 25.Kg2 O-O 26.Kh3 Rbd8 27.Nb3 g5 28.fxg5 Rd5 29.Re1 Kg7
30.Kxh4 Rfd8 31.Kg3 Rd1 32.Re2 R8d5 33.h4 Rg1+ 34.Kf4 Rf1+ 35.Kg3 Rg1+ 36.Kf4 Rf1+
37.Kg3 Rg1+  1/2-1/2

[Event "ch-CZE"]
[Site "Opava CZE"]
[Date "2000.06.01"]
[Round "11"]
[White "Firt,S"]
[Black "Hracek,Z"]
[Result "1/2-1/2"]
[WhiteElo "2350"]
[BlackElo "2620"]

1.e4 c5 2.Nf3 Nc6 3.d4 cxd4 4.Nxd4 Qb6 5.Nb3 Nf6 6.Nc3 e6 7.g3 d6 8.Bg2 Be7
9.O-O a6 10.a4 Qc7 11.Re1 b6 12.Qe2 Bb7 13.f4 O-O 14.Be3 Nd7 15.Rad1 Rfe8
16.Qf2 Rab8 17.g4 Bf8 18.g5 g6 19.h4 Ba8 20.Bf1 Bb7 21.h5 Nc5 22.Bg2 Bg7
23.e5 dxe5 24.a5 Nxb3 25.Bxb6 Qe7 26.cxb3 exf4 27.Ne4 e5 28.h6 Bh8 29.Qc5 Nd4
30.Rxd4 Qxc5 31.Nxc5 Bxg2 32.Rd6 Bb7 33.Rd7 Bc6 34.Rd6 Bb5 35.Ne4 Re6 36.Red1 Rxd6
37.Rxd6 Kf8 38.Kf2 Rc8  1/2-1/2

[Event "ch-IND"]
[Site "Mumbai IND"]
[Date "2000.06.03"]
[Round "17"]
[White "Saravanan,V"]
[Black "Hegde,R"]
[Result "1/2-1/2"]
[WhiteElo "2412"]
[BlackElo "2387"]

1.e4 c5 2.Nf3 Nc6 3.d4 cxd4 4.Nxd4 Qb6 5.Nb3 Nf6 6.Nc3 e6 7.Bd3 a6 8.O-O Be7
9.Be3 Qc7 10.f4 d6 11.Qf3 O-O 12.g4 Nd7 13.g5 Re8 14.Rf2 Bf8 15.Raf1 b5 16.h4 Bb7
17.Qh3 Nb4 18.h5 Nxd3 19.cxd3 b4 20.Ne2 d5 21.e5 d4 22.Nexd4 Rad8 23.Rc1 Qb8
24.g6 Rc8 25.Rxc8 Qxc8 26.Rc2 Qd8 27.Nc6 Bxc6 28.Rxc6 Nb8 29.gxf7+ Kxf7 30.Rxe6 Qd7
31.Qf5+ Kg8 32.Nd4 Rd8 33.Rb6 Qa4 34.Qe6+ Kh8 35.Qb3 Qd7 36.Ne6 Rc8 37.Kf2 Nc6
38.Nxf8 Rxf8 39.Qa4 Rc8 40.Rxa6 Qh3 41.Rxc6 Qh2+ 42.Kf3 Qh3+ 43.Kf2 Qh2+
44.Kf3 Qh3+ 45.Ke4 Rxc6 46.h6 Qg2+ 47.Kd4 Qxb2+ 48.Kd5 Qg2+ 49.Kd4 Qb2+  1/2-1/2

[Event "FSIMB June"]
[Site "Budapest HUN"]
[Date "2000.06.07"]
[Round "5"]
[White "Goldenberg,D"]
[Black "Kaposztas,M"]
[Result "1-0"]
[WhiteElo "2244"]
[BlackElo "2302"]

1.e4 c5 2.Nf3 Nc6 3.d4 cxd4 4.Nxd4 Qc7 5.Nc3 Nf6 6.Be3 e6 7.Bd3 a6 8.O-O Be7
9.Qe2 d6 10.f4 Bd7 11.Kh1 O-O 12.Rae1 Nxd4 13.Bxd4 e5 14.Nd5 Nxd5 15.exd5 exd4
16.Qxe7 Rae8 17.Qh4 f5 18.Rxe8 Rxe8 19.Re1 Qc8 20.Rxe8+ Bxe8 21.Qe7 Qd7 22.Qxd7 Bxd7
23.Kg1 Kf7 24.Kf2 h6 25.h4 g5 26.hxg5 hxg5 27.g3 gxf4 28.gxf4 Kg6 29.Be2 Bb5
30.Bf3 a5 31.b3 b6 32.Ke1 Kh6 33.a3 Kg6 34.Kd2 Ba6 35.c3 dxc3+ 36.Kxc3 Bf1
37.a4 Ba6 38.b4 axb4+ 39.Kxb4 Bd3 40.Bd1 Kf6 41.Bb3 Kg6 42.Bc4 Bc2 43.Be2 Kf6
44.Kb5 Ke7 45.Bf1 Bb3 46.Bd3 Bxd5 47.Kxb6 Be4 48.Bb5 Ke6 49.a5 d5 50.Kc5  1-0

[Event "Guillermo Garcia Premier II"]
[Site "Santa Clara CUB"]
[Date "2000.06.07"]
[Round "12"]
[White "Herrera,I"]
[Black "Perdomo,C"]
[Result "1-0"]
[WhiteElo "2472"]
[BlackElo "2411"]

1.e4 c5 2.Nf3 Nc6 3.d4 cxd4 4.Nxd4 Qc7 5.Nc3 e6 6.Ndb5 Qb8 7.Be3 Nf6 8.f4 d6
9.Bd3 Be7 10.O-O a6 11.Nd4 Bd7 12.Qf3 O-O 13.Rae1 Re8 14.Kh1 Qc8 15.Qg3 Nh5
16.Qf2 b5 17.e5 b4 18.Ne4 d5 19.Nd2 Nxd4 20.Bxd4 g6 21.g4 Ng7 22.Nf3 Bb5
23.Qe3 Bxd3 24.cxd3 Bf8 25.Rc1 Qb7 26.Bc5 Rac8 27.Bxf8 Rxf8 28.Rxc8 Rxc8
29.Nd4 Qb6 30.f5 exf5 31.gxf5 Re8 32.f6 Ne6 33.Nf5 Qxe3 34.Nxe3 d4 35.Nd5 h6
36.Rc1 a5 37.Kg2 Kh7 38.Kf3 Rd8 39.Nf4 Ng5+ 40.Kf2 a4 41.h4 Ne6 42.Nxe6 fxe6
43.Rc7+ Kg8 44.Kf3 g5 45.hxg5 hxg5 46.Kg4 Kf8 47.Kxg5  1-0

[Event "IM"]
[Site "Stockholm SWE"]
[Date "2000.06.13"]
[Round "4"]
[White "Von Bahr,O"]
[Black "Matros,A"]
[Result "0-1"]
[WhiteElo "2240"]
[BlackElo "2413"]

1.e4 c5 2.Nf3 Nc6 3.d4 cxd4 4.Nxd4 Qc7 5.Nc3 e6 6.g3 Nf6 7.Ndb5 Qb8 8.Bf4 e5
9.Bg5 a6 10.Bxf6 gxf6 11.Na3 Bxa3 12.bxa3 Ne7 13.Bc4 Qc7 14.Qd3 b5 15.Bb3 Bb7
16.O-O Rc8 17.Nd5 Bxd5 18.exd5 Qc3 19.f4 d6 20.fxe5 fxe5 21.Qxc3 Rxc3 22.Rf6 Nc8
23.a4 bxa4 24.Bxa4+ Ke7 25.Raf1 Rf8 26.Rh6 Nb6 27.Bb3 a5 28.a4 Rc5 29.Rxh7 Nxd5
30.Rg7 Nf6 31.Rf5 e4 32.Rxc5 dxc5 33.g4 Nd7 34.Rg5 f6 35.Rf5 Ne5 36.Bd5 Nxg4
37.Bxe4 Ne5 38.c3 Rb8 39.Bc2 Rb2 40.Rf2 Ra2 41.Re2 Ra3 42.Re3 Kf8 43.h3 Nc4
44.Rf3 Ra1+ 45.Kh2 Ra2 46.Rxf6+ Ke7 47.Rf2 Ne3 48.Kg3 Rxc2 49.Rxc2 Nxc2 50.Kf4 Ke6
51.h4 Nb4 52.Ke4 Nd5 53.Kd3 Nb6 54.h5 Kf5 55.h6 Kg6 56.Ke4 Kxh6 57.Ke5 Kg5
58.Kd6 Nxa4  0-1

[Event "11th Open"]
[Site "Ljubljana SLO"]
[Date "2000.06.18"]
[Round "2"]
[White "Sibarevic,M"]
[Black "Kukovec,B"]
[Result "1-0"]
[WhiteElo "2346"]
[BlackElo "2111"]

1.e4 c5 2.Nf3 Nc6 3.d4 cxd4 4.Nxd4 Qc7 5.Nc3 e6 6.Be2 a6 7.O-O Nf6 8.Kh1 Nxd4
9.Qxd4 Bc5 10.Qd2 b5 11.Qg5 Rg8 12.Bf4 d6 13.e5 b4 14.exd6 Bxd6 15.Bxd6 Qxd6
16.Bf3 Rb8 17.Rad1 Qc7 18.Ne4 Nxe4 19.Bxe4 f5 20.Bf3 Bb7 21.Rfe1 Qe7 22.Qf4 Kf7
23.Be2 Rgd8 24.Bc4 Rxd1 25.Rxd1 Rf8 26.Re1 Bc8 27.Qe5 g6 28.h3 Rd8 29.Kg1 Qd6
30.Qe3 Re8 31.c3 bxc3 32.Qxc3 Bb7 33.Qb3 Bd5 34.Bxd5 Qxd5 35.Qxd5 exd5 36.Rxe8 Kxe8
37.Kf1 Kd7 38.Ke2 Kc6 39.Kd3 Kc5 40.a3 a5 41.b3 d4 42.h4 f4 43.b4+  1-0